| 000 | 00438nam a22001217a 4500 | ||
|---|---|---|---|
| 008 | 181126b xxu||||| |||| 00| 0 eng d | ||
| 041 | _aeng | ||
| 080 | _a043.3 | ||
| 100 | _a0 | ||
| 101 | _aMTH-ARK | ||
| 245 |
_aShtrirja e keqe urbane dhe ndikimi i saj në faktorët Ekonomik, social dhe mjedisor rast studimi: Lagjet suburbane në komunën e Prishtinës (Fshati ndërkombëtar lagja qershia, Swiss village) _cAbazi,F |
||
| 942 |
_2udc _cBK |
||
| 999 |
_c52537 _d52537 |
||